000 02557nam a2200349Ia 4500
005 20161207154552.0
008 130821s1841 fr a gr spa
040 _aCo-BoUCM
_bspa
_cSandra Yazo (modificó)
_dSandra Yazo (modificó)
041 0 _alat
_afre
082 0 4 _a876.1
_220
092 _aE19N073
100 1 _aCicerón, Marco Tulio
_d106-43 a. C.
_9575
242 0 0 _aObras completas de Cicerón, con su correspondiente traducción francesa
_cPublicadas bajo la dirección de M. Nisard
_nTomo quinto
_yspa
245 1 0 _aOeuvres complètes de Cicéron, avec la traduction en français
_cPubliées sous la direction de M. Nisard
_nTome cinquième
246 1 3 _a[Obras completas de Cicerón, con su correspondiente traducción francesa
_nTomo quinto]
260 _aParís (Francia)
_bJ. J. Dubochet, et compagnie
_c1841
300 _a711 páginas
490 _aCollection des auteurs latins [Colección de autores latinos]
500 _aColección incompleta.
500 _aDetalles físicos: Encuadernación rígida de primera en cartón duro forrado en piel texturizada con ligero deterioro en esquinas. Lomo con nervaduras, decoración y letras en dorado. Tapas con repujado, formando dos recuadros que enmarcan los bordes. Guardas en papel de agua brillante. Hoja de Cortesía. Anteportada. Portada sencilla, impresa a una sola tinta con un grabado (representa a Rómulo y Remo?). Texto muy bien impreso, en dos columnas, separadas por una línea vertical; en letras grandes la traducción francesa y en la parte inferior en letras de menor tamaño el texto latino. Conserva la cinta para señalar la lectura. En la portada, anotación de propiedad. Texto latino con su Traducción francesa y notas. Sello de tinta en el que se lee: "El Colegio de Nuestra Señora del Rosario".
500 _aIncluye índice
505 0 _aV.5: 893 cartas de Marco Tulio Cicerón, numeradas según los años transcurridos desde la fundación de Roma ("ab Urbe condita"): escritas desde el año 686 hasta el año 711 con un índice alfabético de destinatarios de estas cartas
506 _aConsulta en sala
546 _aTexto en latín y francés
650 7 _aLiteratura clásica
_918628
650 7 _aLiteratura Latina
_97796
650 7 _aCartas latinas
_910547
690 _aLiteratura europea
_926524
700 1 _aNisard, M.
_edirector
_982807
856 4 1 _zDisponible en línea V.4
_uhttp://books.google.com.co/books/ucm?vid=UCM5308212921&printsec=frontcover&redir_esc=y#v=onepage&q&f=false
942 _cLIBRO
_a18
_e1
_2LOCAL
_hE19N073
999 _c36733
_d36733